Pendekatan dakwah surah al-Tawbah terhadap golongan munafik /
Saved in:
| 主要作者: | |
|---|---|
| 格式: | Thesis 圖書 |
| 語言: | Malay |
| 主題: | |
| 在線閱讀: | http://studentsrepo.um.edu.my/id/eprint/198 |
| 標簽: |
添加標簽
沒有標簽, 成為第一個標記此記錄!
|
| LEADER | 01571cam a2200385 a 4500 | ||
|---|---|---|---|
| 001 | u512135 | ||
| 003 | SIRSI | ||
| 008 | 920629s2003 my a t 00 1 may m | ||
| 035 | |a ACX-9428 | ||
| 040 | |a UMM |d UMA |e rda | ||
| 043 | 0 | |a mayara | |
| 090 | |a BP42 |b A2 UM 2003 Muhli | ||
| 094 | |a BP42 |b A2 UM 2003 Muhli | ||
| 100 | 0 | 0 | |a Muhammad Lukman Ibrahim |e author. |
| 245 | 1 | 0 | |a Pendekatan dakwah surah al-Tawbah terhadap golongan munafik / |c Muhammad Lukman bin Ibrahim. |
| 264 | 1 | |c 2003. | |
| 264 | 4 | |c 2003. | |
| 300 | |a vii, 242 leaves : |b illustrations ; |c 30 cm. | ||
| 336 | |a text |2 rdacontent | ||
| 337 | |a unmediated |2 rdamedia | ||
| 338 | |a volume |2 rdacarrier | ||
| 500 | |a Malay and Arabic. | ||
| 500 | |a AIUM. | ||
| 502 | |a Dissertation (M.Usuluddin) -- Jabatan Al-Quran dan Al-Hadith, Akademi Pengajian Islam, Universiti Malaya, 2003. | ||
| 504 | |a Bibliography: leaves 238-241. | ||
| 630 | 0 | 0 | |a al-Qur'an. |p Surat al-Tawbah. |
| 650 | 0 | |a Da`wah (Islam) | |
| 650 | 0 | |a Hypocrisy |x Religious aspects |x Islam. | |
| 710 | 1 | 0 | |a Universiti Malaya. |b Jabatan Al-Quran dan Al-Hadith |
| 856 | 4 | 1 | |u http://studentsrepo.um.edu.my/id/eprint/198 |
| 948 | |a 20/05/2003 |b 17/06/2004 | ||
| 596 | |a 1 12 18 | ||
| 999 | |a BP42 A2 UM 2003 MUHLI |w LC |c 1 |i A510933369 |l RESERVES |m P18ISLPURI |r Y |s Y |t TESIS |u 8/4/2004 | ||
| 999 | |a BP42 A2 UM 2003 MUHLI |w LC |c 1 |i A511033982 |d 14/5/2017 |e 14/5/2017 |f 12/5/2005 |g 1 |l STACKS |m P01UTAMA |n 6 |r Y |s Y |t TESIS |u 22/2/2005 | ||
| 999 | |a BP42 A2 UM 2003 MUHLI |w LC |c 1 |i A511195343 |d 20/10/2018 |e 20/10/2018 |f 20/5/2008 |g 1 |l STACKS |m P12ISLAMKL |n 11 |r Y |s Y |t TESIS |u 20/5/2008 | ||
